| 000 | 00623nam a22002177a 4500 | ||
|---|---|---|---|
| 003 | OSt | ||
| 005 | 20140310183046.0 | ||
| 008 | 130227t xxu||||| |||| 00| 0 eng d | ||
| 020 | _a9789719946397 | ||
| 050 |
_aHF 5691 _b.M37 2012 |
||
| 245 |
_aMathematics of investment / _cLeodegario SM. Bautista ... [et al.]. |
||
| 260 |
_aQuezon City : _bC & E Pub., _c2012. |
||
| 300 |
_a214 p. : _c24 cm. |
||
| 521 | _aBSBA | ||
| 650 | _aBusiness mathematics | ||
| 650 | _aAnnuitites | ||
| 650 |
_aInsurance, Life _xMathematics |
||
| 650 |
_aMathematics _xProblems, exercises, etc. |
||
| 942 |
_2lcc _cBK _kLOC |
||
| 999 |
_c18598 _d18598 |
||